| 000 | 01095nmm a2200277 a 4500 | ||
|---|---|---|---|
| 003 | AR-BaBNM | ||
| 005 | 20251128204000.0 | ||
| 008 | 117019s1963 ||||||||||||||000 | spa|| | ||
| 040 | _cAR-BaBNM | ||
| 245 | 1 | 0 |
_aMejoramiento de la vivienda por esfuerzo propio con ayuda _bintercambio de ideas y métodos administrativos y de esfuerzo propio |
| 250 | _a1ª ed. | ||
| 260 |
_aMéxico, D.F. _bCentro Regional de Ayuda Técnica _c1963 |
||
| 300 | 0 |
_a37 p. _bil. |
|
| 500 | 0 | _aEl Centro Regional de Ayuda Técnica se creó para coordinar la producciónd de versiones en español del material técnico y de adiestramiento de los programas de cooperación técnica de la Alianza para el Progreso en los países de habla española | |
| 504 | _aBibliografía: p. 37-38 | ||
| 610 | 2 | 4 | _aAlianza para el Progreso |
| 650 | 4 | _aDESARROLLO DE LA COMUNIDAD | |
| 650 | 4 | _aVIVIENDA | |
| 650 | 4 | _aCONSTRUCCION DE VIVIENDAS | |
| 650 | 4 | _aFINANCIACION | |
| 650 | 4 | _aNECESIDADES DE VIVIENDA | |
| 650 | 4 | _aPROBLEMAS SOCIALES | |
| 700 | 1 |
_aCrane, Jacob L. _eprologuista |
|
| 942 | _cBK | ||
| 998 | _cSILVI | ||
| 999 |
_c5702 _d5702 |
||